The employee experience : How to attract talent, retain top performers, and drive results
Spremljeno u:
| Glavni autor: | |
|---|---|
| Format: | Knjiga |
| Jezik: | Undetermined |
| Izdano: |
Hoboken, New Jersey
John Wiley and Sons
2017
|
| Teme: | |
| Oznake: |
Dodaj oznaku
Bez oznaka, Budi prvi tko označuje ovaj zapis!
|
| Thư viện lưu trữ: | Trung tâm Học liệu Trường Đại học Cần Thơ |
|---|
| LEADER | 00621nam a2200193Ia 4500 | ||
|---|---|---|---|
| 001 | CTU_228001 | ||
| 008 | 210402s9999 xx 000 0 und d | ||
| 082 | |a 658.314 | ||
| 082 | |b M469 | ||
| 100 | |a Maylett, Tracy | ||
| 245 | 4 | |a The employee experience : | |
| 245 | 0 | |b How to attract talent, retain top performers, and drive results | |
| 245 | 0 | |c Tracy Maylett, Matthew Wride | |
| 260 | |a Hoboken, New Jersey | ||
| 260 | |b John Wiley and Sons | ||
| 260 | |c 2017 | ||
| 650 | |a Cam kết với tổ chức,Organizational commitment | ||
| 910 | |b nthai | ||
| 980 | |a Trung tâm Học liệu Trường Đại học Cần Thơ | ||